C++ Plus data structures / (Record no. 124)
[ view plain ]
| 000 -LEADER | |
|---|---|
| fixed length control field | 00677cam a22002172 4500 |
| 001 - CONTROL NUMBER | |
| control field | 0000000264 |
| 005 - DATE AND TIME OF LATEST TRANSACTION | |
| control field | 20151021151043.0 |
| 008 - FIXED-LENGTH DATA ELEMENTS--GENERAL INFORMATION | |
| fixed length control field | 070118s xx 000 0 eng d |
| 020 ## - INTERNATIONAL STANDARD BOOK NUMBER | |
| International Standard Book Number | 8173192995 : |
| Terms of availability | KES 2,450 |
| 040 ## - CATALOGING SOURCE | |
| Original cataloging agency | KABU |
| Transcribing agency | KABU |
| 050 #0 - LIBRARY OF CONGRESS CALL NUMBER | |
| Classification number | QA76.73 |
| Item number | .C153D35 |
| 100 1# - MAIN ENTRY--PERSONAL NAME | |
| Personal name | Dale, Nell B. |
| -- | 0000117106 |
| 245 10 - TITLE STATEMENT | |
| Title | C++ Plus data structures / |
| Statement of responsibility, etc. | Nell Dale. |
| 260 ## - PUBLICATION, DISTRIBUTION, ETC. (IMPRINT) | |
| Place of publication, distribution, etc. | New Delhi : |
| Name of publisher, distributor, etc. | Narosa, |
| Date of publication, distribution, etc. | 1999. |
| 300 ## - PHYSICAL DESCRIPTION | |
| Extent | x, 773 p. |
| 650 #0 - SUBJECT ADDED ENTRY--TOPICAL TERM | |
| Topical term or geographic name as entry element | C++ (Computer program language) |
| -- | 0000154344 |
| 908 ## - PUT COMMAND PARAMETER (RLIN) | |
| Put command parameter | 070118 |
| 950 ## - LOCAL HOLDINGS (RLIN) | |
| -- | 1 |
| Withdrawn status | Lost status | Source of classification or shelving scheme | Not for loan | Home library | Current library | Date acquired | Total Checkouts | Full call number | Barcode | Date last seen | Price effective from | Koha item type |
|---|---|---|---|---|---|---|---|---|---|---|---|---|
| Library of Congress Classification | Kabarak, Nakuru City Campus | Kabarak, Nakuru City Campus | 21/10/2015 | QA76.73 .C153D35 | 005741 | 21/10/2015 | 21/10/2015 | General Collection | ||||
| Library of Congress Classification | Kabarak, Nakuru City Campus | Kabarak, Nakuru City Campus | 21/10/2015 | QA76.73 .C153D35 | 005742 | 21/10/2015 | 21/10/2015 | General Collection |